Así escriben los mexicanos /

Contiene: 1) Juan José Arreola: En verdad os digo; El rinoceronte; La migala; 2) Rosario Castellanos: fragmento de Balún-Canán; 3) Fernando del Paso: fragmento de José Trigo; 4) Salvador Elizondo: fragmento de Farabeuf; 5) Carlos Fuentes: fragmento de Cambio de piel; 6) Jorge Ibargüengoitia: Los com...

詳細記述

保存先:
書誌詳細
第一著者: Llerena, Elsa de (selec., pról. y notas)
その他の著者: Torres López, Josefina (selección, prólogo y notas) (selección, prólogo y notas)
フォーマット: 図書
言語:スペイン語
出版事項: Buenos Aires, Argentina : Orión, 1975, c1975
シリーズ:(Así Escriben)
主題:
タグ: タグ追加
タグなし, このレコードへの初めてのタグを付けませんか!

MARC

LEADER 00000nam^a2200000^a^4500
001 000372139
005 20250521000000.0
009 20260310115951.652
025 |a Donación Juan Diego Castillo, 1 ejemplar 
037 |a Acervo ITESO - Biblioteca 
041 |a ESP 
082 |a 863.  |b LLE 
100 |a Llerena, Elsa de  |e (selec., pról. y notas) 
245 1 0 |a Así escriben los mexicanos /  |c Selec., pról. y notas de E. de Llerena, J. Torres López. 
264 4 |a Buenos Aires, Argentina :  |b Orión,  |c 1975, c1975 
300 |a 303 p. 
336 |a texto  |b txt  |2 rdacontenido 
337 |a sin mediación  |b n  |2 rdamedio 
338 |a volumen  |b nc  |2 rdasoporte 
440 1 |a (Así Escriben) 
520 |a Contiene: 1) Juan José Arreola: En verdad os digo; El rinoceronte; La migala; 2) Rosario Castellanos: fragmento de Balún-Canán; 3) Fernando del Paso: fragmento de José Trigo; 4) Salvador Elizondo: fragmento de Farabeuf; 5) Carlos Fuentes: fragmento de Cambio de piel; 6) Jorge Ibargüengoitia: Los compañeros de viaje; 7) Carlos Monsiváis: fragmento de Días de guardar; 8) Octavio Paz: El ramo azul; Mi vida con la ola; Encuentro; 9) Elena Poniatowska: Las lavanderas; La jornada; Esperanza número equivocado; 10) José Revueltas: dormir en tierra; 11) Alfonso Reyes: Silueta del indio Jesús; Floreal; Plácida siesta; Calidad metálica; 12) Juan Rulfo: El llano en llamas; 13) Luis Spota: fragmento de Casi el paraíso; 14) Agustín Yáñez: Las avispas o la mañana de ceniza. 
649 |a XX 
650 |a Cuentos Jaliscienses 
650 |a Cuentos Mexicanos 
650 |a Literatura Jalisciense -  |y Siglo XX 
650 |a Literatura Mexicana -  |y Siglo XX 
700 |a Torres López, Josefina  |e (selección, prólogo y notas) 
910 |a Fondo Castillo-Martínez 
920 |a Impresos - Libros 
930 |a Fondos Especiales 
940 |a Literatura 
905 |a 127 
901 |a 0500266221  |b IT2  |c ESP  |i D  |u 20250521 
902 |a https://opac.biblio.iteso.mx/vufind/Record/000372139